The Original 7 Justice League Members - Statistics

General Stats
  • This quiz has been taken 98 times
  • The average score is 6 of 7
Answer Stats
Answer % Correct
Batman
99%
Superman
99%
Wonder Woman
97%
The Flash
93%
Green Lantern
91%
Aquaman
89%
Martian Manhunter
78%
No matching quizzes found
Score Distribution
Percent of People with Each Score
Percentile by Number Answered
Your Score History
You have not taken this quiz